[Event "North Austria-ch Seniors 65"]
[Site "Spitz am Donau"]
[Date "2018.10.07"]
[Round "1.5"]
[White "Enzendorfer, Alfred"]
[Black "Prammer, Franz"]
[Result "1-0"]
[WhiteElo "2078"]
[BlackElo "1817"]
[PlyCount "83"]
[EventDate "2018.10.07"]
[EventType "swiss"]
[EventRounds "7"]
[EventCountry "AUT"]
[SourceTitle "EXT 2024"]
[Source "ChessBase"]
[SourceDate "2023.10.10"]
[SourceVersion "1"]
[SourceVersionDate "2023.10.10"]
[SourceQuality "1"]

1. Nf3 d6 2. d4 Nf6 3. c4 Bg4 4. Nbd2 c6 5. h3 Bh5 6. Qc2 Nbd7 7. e4 e5 8. d5 Be7 9. Be2 cxd5 10. cxd5 0-0 11. b4 a5 12. b5 Nc5 13. Ba3 Rc8 14. Bxc5 Rxc5 15. Qb1 Bg6 16. Bd3 b6 17. Ke2 Qd7 18. Nb3 Rc7 19. Rc1 Rfc8 20. Rc6 Nh5 21. g3 Qxh3 22. Nbd2 Nxg3+ 23. fxg3 Qg2+ 24. Kd1 Bh5 25. Be2 f5 26. Qd3 Be8 27. exf5 Bxc6 28. bxc6 Qxg3 29. Kc2 Qf4 30. Qe4 Qh6 31. Rg1 Rf8 32. Bd3 Bd8 33. Rg2 Rcf7 34. Rh2 Qf6 35. Qg4 h6 36. Rh5 Qe7 37. Rxh6 Rf6 38. Rh5 Qf7 39. Qh3 Rh6 40. Rxh6 gxh6 41. Qxh6 Qxd5 42. Bc4 1-0

[Event "AUT-ch Seniors"]
[Site "Wirt im Feld"]
[Date "2015.09.13"]
[Round "1"]
[White "Holzinger, Hermann"]
[Black "Enzendorfer, Alfred"]
[Result "0-1"]
[WhiteElo "1843"]
[BlackElo "2110"]
[PlyCount "78"]
[EventDate "2015.09.13"]
[EventType "swiss"]
[EventRounds "7"]
[EventCountry "AUT"]
[SourceTitle "EXT 2016"]
[Source "ChessBase"]
[SourceDate "2015.10.08"]
[SourceVersion "1"]
[SourceVersionDate "2015.10.08"]
[SourceQuality "1"]

1. d4 d5 2. c4 Nf6 3. Nc3 e6 4. Bg5 Be7 5. e3 Nbd7 6. Nf3 h6 7. Bh4 0-0 8. Qc2 a6 9. Bd3 dxc4 10. Bxc4 c5 11. 0-0 b5 12. Be2 c4 13. Ne4 Bb7 14. Nxf6+ Nxf6 15. Nd2 Rc8 16. Bf3 Rc7 17. Bxb7 Rxb7 18. a3 Qd5 19. Nf3 Qe4 20. Rfc1 Rc8 21. Qe2 Qd5 22. Ne5 Bd6 23. Ng4 Nxg4 24. Qxg4 f5 25. Qd1 g5 26. Bg3 f4 27. exf4 gxf4 28. Bh4 Rg7 29. g3 Rf8 30. Rc3 f3 31. Kf1 Rg4 32. Qc2 Kg7 33. a4 Rf7 34. axb5 axb5 35. Re3 Rxd4 36. Qc3 e5 37. Bd8 b4 38. Qc2 Bc5 39. Rae1 Rd2 0-1

[Event "AUT-ch"]
[Site "Linz"]
[Date "2011.07.26"]
[Round "4"]
[White "Enzendorfer, Alfred"]
[Black "Bauer, Manfred2222"]
[Result "1-0"]
[WhiteElo "2139"]
[BlackElo "1968"]
[PlyCount "112"]
[EventDate "2011.07.23"]
[EventType "swiss"]
[EventRounds "9"]
[EventCountry "AUT"]
[SourceTitle "CBM 143 Extra"]
[Source "ChessBase"]
[SourceDate "2011.08.29"]
[SourceVersion "1"]
[SourceVersionDate "2011.08.29"]
[SourceQuality "1"]

1. Nf3 g6 2. c4 Bg7 3. d4 d6 4. e3 Nd7 5. b3 b6 6. Bb2 c5 7. Nc3 Ngf6 8. Be2 0-0 9. 0-0 cxd4 10. exd4 Bb7 11. Re1 d5 12. Ne5 a6 13. Bf3 Rb8 14. cxd5 b5 15. Nc6 Bxc6 16. dxc6 Nb6 17. Rc1 Rc8 18. d5 b4 19. Na4 Nbxd5 20. Bxf6 Nxf6 21. Qxd8 Rfxd8 22. c7 Rd7 23. Nb6 Rcxc7 24. Nxd7 Rxd7 25. Rc4 Nd5 26. Bxd5 Rxd5 27. Rxb4 Bc3 28. Rb8+ Kg7 29. Rf1 a5 30. a3 Bb2 31. a4 Bc3 32. g3 Bb4 33. Kg2 Rd2 34. Rxb4 axb4 35. Ra1 Kf6 36. a5 Rd7 37. a6 Ra7 38. Ra5 h5 39. Kf3 Ke6 40. Ke4 Kd6 41. Kd4 Kc6 42. Kc4 Kb6 43. Kxb4 Rxa6 44. Rxa6+ Kxa6 45. Kc5 Kb7 46. f4 Kc7 47. b4 Kb7 48. b5 Kc7 49. b6+ Kb7 50. Kb5 f6 51. Kc5 f5 52. Kd5 h4 53. Ke6 Kxb6 54. Kxe7 Kc5 55. Kf6 Kd4 56. Kxg6 Kd5 1-0

[Event "St Veit op-A 28th"]
[Site "St Veit"]
[Date "2009.07.18"]
[Round "8"]
[White "Enzendorfer, Alfred"]
[Black "Turian, Hans"]
[Result "1-0"]
[WhiteElo "2115"]
[BlackElo "2088"]
[PlyCount "67"]
[EventDate "2009.07.11"]
[EventType "swiss"]
[EventRounds "9"]
[EventCountry "AUT"]
[SourceTitle "CBM 131 Extra"]
[Source "ChessBase"]
[SourceDate "2009.09.03"]
[SourceVersion "2"]
[SourceVersionDate "2009.09.16"]
[SourceQuality "1"]

1. Nf3 d5 2. g3 c6 3. Bg2 e6 4. d4 f5 5. Bf4 Nf6 6. 0-0 Be7 7. c3 0-0 8. Qc2 b6 9. Nbd2 Ne4 10. Bxb8 Rxb8 11. Nxe4 fxe4 12. Ne5 Bb7 13. f3 exf3 14. exf3 Rc8 15. Qe2 Bd6 16. f4 Re8 17. Nf3 c5 18. Bh3 Qf6 19. Rae1 Rc7 20. Bxe6+ Kh8 21. f5 Rce7 22. Qd3 cxd4 23. cxd4 Bb4 24. Rc1 g6 25. a4 Rxe6 26. fxe6 Qxe6 27. Ne5 Bd6 28. Nf7+ Kg7 29. Nxd6 Qxd6 30. Rce1 Re4 31. Qf3 Qe7 32. Rxe4 dxe4 33. Qf4 Ba6 34. Re1 1-0

[Event "St Veit op-A 28th"]
[Site "St Veit"]
[Date "2009.07.12"]
[Round "2"]
[White "Enzendorfer, Alfred"]
[Black "Diermair, Andreas"]
[Result "0-1"]
[WhiteElo "2115"]
[BlackElo "2361"]
[PlyCount "120"]
[EventDate "2009.07.11"]
[EventType "swiss"]
[EventRounds "9"]
[EventCountry "AUT"]
[SourceTitle "CBM 131 Extra"]
[Source "ChessBase"]
[SourceDate "2009.09.03"]
[SourceVersion "2"]
[SourceVersionDate "2009.09.16"]
[SourceQuality "1"]

1. d4 d5 2. Nf3 Nf6 3. c4 e6 4. Bg5 c6 5. Nbd2 h6 6. Bxf6 Qxf6 7. e3 Nd7 8. Qc2 g6 9. Bd3 Bg7 10. 0-0 0-0 11. Rab1 dxc4 12. Bxc4 b6 13. b4 Bb7 14. Rfc1 Qe7 15. Qb3 Rfd8 16. Bd3 Rac8 17. h3 Kh8 18. Rc2 e5 19. dxe5 Nxe5 20. Be4 Rc7 21. Rbc1 Rcd7 22. Nf1 Nd3 23. Bxd3 Rxd3 24. Qb1 Qd7 25. Rd2 Ba6 26. Qc2 Rxd2 27. N1xd2 Rc8 28. Nb3 Qe7 29. a3 Kg8 30. Nfd4 Bb7 31. Qc4 Bf8 32. Ne2 Qg5 33. Qe4 Rc7 34. h4 Qf6 35. Qd4 Qe6 36. Qc4 Qxc4 37. Rxc4 c5 38. bxc5 Bd5 39. Rc3 Bxb3 40. Rxb3 Rxc5 41. Nc3 Ra5 42. Nb1 b5 43. Kf1 b4 44. axb4 Rb5 45. Nc3 Rxb4 46. Ra3 Rc4 47. Rb3 a5 48. Nd5 Kg7 49. g3 a4 50. Rb2 a3 51. Ra2 Rc5 52. Nf4 Bd6 53. Ke2 Ra5 54. Nd3 Kf6 55. e4 Ke6 56. f4 h5 57. Ne1 Ra4 58. Kd3 Bc5 59. Nc2 f6 60. Kc3 Rxe4 0-1

[Event "AUT-chT2M 0506"]
[Site "Austria"]
[Date "2006.03.04"]
[Round "8.6"]
[White "Enzendorfer, Alfred"]
[Black "Toefferl, Heimo"]
[Result "1-0"]
[WhiteElo "2099"]
[BlackElo "2116"]
[PlyCount "120"]
[EventDate "2005.10.08"]
[EventType "team"]
[EventRounds "11"]
[EventCountry "AUT"]
[SourceTitle "EXT 2006"]
[Source "ChessBase"]
[SourceDate "2005.11.24"]
[SourceVersion "1"]
[SourceVersionDate "2005.11.24"]
[SourceQuality "1"]
[WhiteTeam "Linz SK Voest"]
[BlackTeam "Wolfsberg"]
[WhiteTeamCountry "AUT"]
[BlackTeamCountry "AUT"]

1. d4 e6 2. c4 d5 3. Nf3 f5 4. Bf4 c6 5. e3 Nf6 6. Nbd2 Be7 7. Ne5 Nbd7 8. Bd3 0-0 9. 0-0 Nxe5 10. Bxe5 Bd7 11. Qc2 Rc8 12. Rac1 Qe8 13. cxd5 cxd5 14. Qb3 Rxc1 15. Rxc1 Bc6 16. f3 Qh5 17. a3 Nd7 18. Bg3 g5 19. Bb5 f4 20. exf4 gxf4 21. Bf2 Rf7 22. Bxc6 bxc6 23. Qb7 Nf8 24. Qxc6 Rg7 25. Qa6 Bf6 26. Rc8 Qh3 27. Qf1 Qf5 28. Ra8 Qc2 29. Qe1 Qc6 30. Rb8 Re7 31. Nb3 e5 32. Qc3 Qd6 33. Qc8 Rg7 34. Rb7 e4 35. Rxg7+ Bxg7 36. fxe4 dxe4 37. Qc4+ Kh8 38. Be1 Qg6 39. Qc2 Qe6 40. Bc3 Qc4 41. Qd1 Nd7 42. h3 Nb6 43. Nc5 Qd5 44. Kh2 f3 45. Qd2 Bf8 46. Qe3 Qd6+ 47. g3 Bh6 48. Qxe4 f2 49. Qe8+ Qf8 50. Qxf8+ Bxf8 51. Kg2 Nd5 52. Kxf2 Kg8 53. Kf3 Bd6 54. Be1 Kf7 55. Ke4 Nf6+ 56. Kd3 Nh5 57. Ne4 Bc7 58. Kc4 Ke6 59. d5+ Kf5 60. d6 Bb6 1-0

[Event "AUT-chT2M 0506"]
[Site "Austria"]
[Date "2005.11.06"]
[Round "4.2"]
[White "Enzendorfer, Alfred"]
[Black "Aschenbrenner, Robert"]
[Result "0-1"]
[WhiteElo "2099"]
[BlackElo "2252"]
[PlyCount "64"]
[EventDate "2005.10.08"]
[EventType "team"]
[EventRounds "11"]
[EventCountry "AUT"]
[SourceTitle "EXT 2006"]
[Source "ChessBase"]
[SourceDate "2005.11.24"]
[SourceVersion "1"]
[SourceVersionDate "2005.11.24"]
[SourceQuality "1"]
[WhiteTeam "Linz SK Voest"]
[BlackTeam "Graz Austria"]
[WhiteTeamCountry "AUT"]
[BlackTeamCountry "AUT"]

1. Nf3 d6 2. d4 Nf6 3. c4 g6 4. Nc3 Bg7 5. g3 0-0 6. Bg2 Nbd7 7. 0-0 e5 8. e4 a6 9. Re1 exd4 10. Nxd4 Ng4 11. h3 Qf6 12. Nf3 Nge5 13. Nd5 Qd8 14. Nxe5 Nxe5 15. Qb3 Rb8 16. Be3 b5 17. c5 Be6 18. cxd6 c6 19. Ne7+ Kh8 20. Qd1 Qd7 21. f4 Nc4 22. e5 Nxe3 23. Rxe3 Bxh3 24. Bxc6 Qa7 25. Qe2 f6 26. Kh2 Bg4 27. Qe1 fxe5 28. Rxe5 Qd4 29. Nd5 Qxb2+ 30. Kg1 Bf3 31. Qf1 Qd4+ 32. Kh2 Bxe5 0-1

[Event "AUT-chT2M 0506"]
[Site "Austria"]
[Date "2005.11.05"]
[Round "3.2"]
[White "Steiner, Stefan"]
[Black "Enzendorfer, Alfred"]
[Result "1-0"]
[WhiteElo "2215"]
[BlackElo "2099"]
[PlyCount "127"]
[EventDate "2005.10.08"]
[EventType "team"]
[EventRounds "11"]
[EventCountry "AUT"]
[SourceTitle "EXT 2006"]
[Source "ChessBase"]
[SourceDate "2005.11.24"]
[SourceVersion "1"]
[SourceVersionDate "2005.11.24"]
[SourceQuality "1"]
[WhiteTeam "Graz Strassenbahn"]
[BlackTeam "Linz SK Voest"]
[WhiteTeamCountry "AUT"]
[BlackTeamCountry "AUT"]

1. Nf3 d5 2. c4 c6 3. cxd5 cxd5 4. d4 Nc6 5. Nc3 e6 6. Bf4 Bd6 7. Bg3 Nf6 8. e3 0-0 9. Bd3 a6 10. Rc1 Re8 11. Bb1 e5 12. dxe5 Nxe5 13. Nxe5 Bxe5 14. Bxe5 Rxe5 15. Qd4 Re8 16. 0-0 Be6 17. Na4 Rc8 18. Nb6 Rc7 19. Rfd1 Qd6 20. g3 Bg4 21. Rxc7 Bxd1 22. Rc8 Bf3 23. Rxe8+ Nxe8 24. Na4 Qd7 25. Bd3 h6 26. Nc3 Qh3 27. Bf1 Qe6 28. Qf4 Be4 29. Qb8 Qc6 30. Be2 Kh7 31. Qf4 Nf6 32. Qe5 Qb6 33. b3 Qc6 34. Bf1 b5 35. b4 g6 36. a3 Bf3 37. Qd4 h5 38. Qc5 Qe6 39. Qd4 Qc6 40. Qc5 Qe6 41. h4 Ng4 42. Qd4 Ne5 43. Bg2 Qf5 44. Qf4 Bxg2 45. Qxf5 gxf5 46. Kxg2 Nc4 47. Nxd5 Nxa3 48. Nc7 a5 49. bxa5 b4 50. Nd5 b3 51. Nc3 b2 52. a6 Kg7 53. Kf3 Kf6 54. Ke2 Nb5 55. Nb1 Ke5 56. Kd3 Kd5 57. Kc2 Kc6 58. Kxb2 Kb6 59. Nc3 Nd6 60. Kc2 Kxa6 61. Kd3 Kb6 62. Kd4 Kc6 63. Ke5 Kd7 64. Kf6 1-0

[Event "Jacques Lemans op 23rd"]
[Site "St Veit"]
[Date "2004.07.15"]
[Round "6"]
[White "Enzendorfer, Alfred"]
[Black "Sachsenhofer, Wolfgang"]
[Result "0-1"]
[WhiteElo "2194"]
[BlackElo "2067"]
[PlyCount "72"]
[EventDate "2004.07.10"]
[EventType "swiss"]
[EventRounds "9"]
[EventCountry "AUT"]
[SourceTitle "CBM 101 Extra"]
[Source "ChessBase"]
[SourceDate "2004.09.01"]
[SourceVersion "2"]
[SourceVersionDate "2004.09.01"]
[SourceQuality "1"]

1. Nf3 Nf6 2. g3 d5 3. d4 Bf5 4. Bg2 c6 5. Ne5 Nbd7 6. f4 Be4 7. 0-0 Bxg2 8. Kxg2 Ne4 9. e3 Ndf6 10. Nd2 e6 11. Nxe4 Nxe4 12. f5 exf5 13. Rxf5 Nd6 14. Rf4 g6 15. Bd2 f6 16. Nd3 Ne4 17. Qe2 Bd6 18. Rff1 Qe7 19. a3 h5 20. Bb4 0-0-0 21. Rae1 Rdg8 22. Bxd6 Qxd6 23. Nf2 Re8 24. b4 f5 25. Nd3 Nf6 26. Qf3 Re7 27. Qf4 Kc7 28. h3 Ne4 29. Rf3 Rf8 30. g4 Qxf4 31. Rxf4 hxg4 32. hxg4 Rh8 33. gxf5 gxf5 34. Kf3 Rh2 35. Rxf5 Nd2+ 36. Kg3 Reh7 0-1

[Event "AUT-chT2M 0203"]
[Site "Austria"]
[Date "2002.10.11"]
[Round "9"]
[White "Dietmayer Kraeutler, Marco"]
[Black "Enzendorfer, Alfred"]
[Result "1-0"]
[WhiteElo "2102"]
[BlackElo "2157"]
[PlyCount "145"]
[EventDate "2002.10.11"]
[EventType "team"]
[EventRounds "11"]
[EventCountry "AUT"]
[SourceTitle "EXT 2004"]
[Source "ChessBase"]
[SourceDate "2003.11.25"]
[SourceVersion "1"]
[SourceVersionDate "2003.11.25"]
[SourceQuality "1"]

1. d4 d5 2. Nf3 Nf6 3. Bf4 e6 4. e3 Bd6 5. Bg5 Nbd7 6. c4 dxc4 7. Bxc4 h6 8. Bh4 Be7 9. Nc3 a6 10. Rc1 b5 11. Bd3 c5 12. 0-0 c4 13. Bb1 Bb7 14. Ne2 0-0 15. Nd2 Nh5 16. Qc2 g6 17. Bxe7 Qxe7 18. b3 cxb3 19. Nxb3 Rac8 20. Qd2 Qg5 21. e4 Qxd2 22. Nxd2 Nb6 23. f3 Nf6 24. Bd3 Rxc1 25. Rxc1 Rc8 26. Nb3 Rxc1+ 27. Nexc1 Nfd7 28. Na5 Ba8 29. Kf2 Kf8 30. Ke3 Ke7 31. Bc2 f5 32. Nd3 fxe4 33. fxe4 g5 34. Nb4 Nb8 35. Bb3 Kd6 36. h3 e5 37. dxe5+ Kxe5 38. Nd3+ Kd6 39. Kd4 Nc6+ 40. Nxc6 Bxc6 41. Ne5 Be8 42. Ng4 h5 43. Nf6 Bg6 44. Bd1 h4 45. Bb3 Nc4 46. Bxc4 bxc4 47. Nd5 a5 48. a3 Bh5 49. Ne3 c3 50. Nc4+ Ke6 51. Kxc3 g4 52. hxg4 Bxg4 53. Ne3 h3 54. gxh3 Bxh3 55. Kd4 a4 56. Nd5 Bg4 57. Nc3 Kd6 58. Nxa4 Kc6 59. Nc3 Bd7 60. e5 Be6 61. Ne4 Kb5 62. Nc5 Ba2 63. Ne4 Bg8 64. Nc3+ Kc6 65. a4 Kb6 66. Ke4 Be6 67. Kf4 Ka5 68. Kg5 Kb4 69. Kf6 Bh3 70. e6 Kxc3 71. a5 Kd4 72. e7 Bd7 73. a6 1-0

[Event "Jacques Lemans op 21st"]
[Site "St Veit"]
[Date "2002.07.11"]
[Round "6"]
[White "Enzendorfer, Alfred"]
[Black "Molzahn, Norbert"]
[Result "0-1"]
[WhiteElo "2161"]
[BlackElo "2081"]
[PlyCount "96"]
[EventDate "2002.07.06"]
[EventType "swiss"]
[EventRounds "9"]
[EventCountry "AUT"]
[SourceTitle "CBM 089 Extra"]
[Source "ChessBase"]
[SourceDate "2002.09.10"]
[SourceVersion "2"]
[SourceVersionDate "2002.09.10"]
[SourceQuality "1"]

1. Nf3 c5 2. c4 Nf6 3. d4 cxd4 4. Nxd4 g6 5. g3 Bg7 6. Bg2 0-0 7. Nc3 Nc6 8. 0-0 Nxd4 9. Qxd4 d6 10. Qd3 a6 11. b3 Rb8 12. Rd1 Bd7 13. Bb2 b5 14. cxb5 axb5 15. b4 Ng4 16. Rac1 Ne5 17. Qb1 Nc4 18. Ba1 Bh6 19. Nd5 Bf5 20. e4 Bg4 21. f3 Be6 22. Nf4 Bd7 23. Rc3 Bg7 24. Rcd3 Qb6+ 25. Kh1 Qa7 26. Bxg7 Kxg7 27. Rc1 Ra8 28. Qa1+ f6 29. Rc2 Qa4 30. Qc3 Ne5 31. Rdd2 Rfc8 32. Qb2 Nc4 33. Rxc4 Rxc4 34. Nd5 Qa3 35. Kg1 Qxb2 36. Rxb2 Rc1+ 37. Kf2 Kf7 38. Bf1 Rac8 39. Bd3 Be8 40. h4 e6 41. Nf4 R1c3 42. Ke2 Ra3 43. Bc2 g5 44. hxg5 fxg5 45. Nd3 h5 46. Bb3 Kf6 47. f4 e5 48. Kd2 Rc7 0-1

[Event "Jacques Lemans op 21st"]
[Site "St Veit"]
[Date "2002.07.09"]
[Round "4"]
[White "Enzendorfer, Alfred"]
[Black "Polansek, Justin"]
[Result "1/2-1/2"]
[WhiteElo "2161"]
[BlackElo "2039"]
[PlyCount "42"]
[EventDate "2002.07.06"]
[EventType "swiss"]
[EventRounds "9"]
[EventCountry "AUT"]
[SourceTitle "CBM 089 Extra"]
[Source "ChessBase"]
[SourceDate "2002.09.10"]
[SourceVersion "2"]
[SourceVersionDate "2002.09.10"]
[SourceQuality "1"]

1. Nf3 Nf6 2. c4 g6 3. Nc3 Bg7 4. d4 c6 5. e4 d5 6. e5 Ne4 7. Nxe4 dxe4 8. Ng5 f6 9. Nxe4 fxe5 10. d5 0-0 11. Be2 Bf5 12. Bf3 Qa5+ 13. Qd2 Qxd2+ 14. Bxd2 cxd5 15. cxd5 Nd7 16. Bb4 Bxe4 17. Bxe4 Nf6 18. Bc2 Kf7 19. Rd1 Rfd8 20. Bb3 a5 21. Bc3 Ne4 1/2-1/2

[Event "Jacques Lemans op 20th"]
[Site "St Veit"]
[Date "2001.07.??"]
[Round "?"]
[White "Tratar, Marko"]
[Black "Enzendorfer, Alfred"]
[Result "1-0"]
[WhiteElo "2405"]
[BlackElo "2195"]
[PlyCount "51"]
[EventDate "2001.07.07"]
[EventType "swiss"]
[EventRounds "9"]
[EventCountry "AUT"]
[SourceTitle "EXT 2004"]
[Source "ChessBase"]
[SourceDate "2003.11.25"]
[SourceVersion "1"]
[SourceVersionDate "2003.11.25"]
[SourceQuality "1"]

1. d4 d5 2. c4 e6 3. Nf3 Nf6 4. g3 a6 5. Nbd2 c5 6. Bg2 Nc6 7. 0-0 cxd4 8. cxd5 Nxd5 9. Nb3 e5 10. Nxe5 Nxe5 11. Qxd4 Nc6 12. Qxd5 Qxd5 13. Bxd5 Bh3 14. Rd1 Be7 15. Be3 0-0 16. Nc5 Nb4 17. Bxb7 Rab8 18. Be4 Rb5 19. Na4 f5 20. Bb1 Nd5 21. Bd4 Rd8 22. Bc2 Kf8 23. Nc3 Rxb2 24. Nxd5 Rxc2 25. Nf4 Kf7 26. Nxh3 1-0